|
|
|
|
| LEADER |
01133nam a2200265 a 4500 |
| 001 |
13402948 |
| 008 |
100322s2004 inua 001 0 eng d |
| 010 |
|
|
|a \\2003115406
|
| 020 |
|
|
|a 1587131196
|
| 040 |
|
|
|a DLC
|c DLC
|d DLC
|d BD-DhAAL
|
| 082 |
0 |
0 |
|a 004.6
|2 22
|
| 245 |
0 |
0 |
|a Cisco Networking Academy Program :
|b fundamentals of wireless LANs companion guide /
|c Cisco Systems, Inc., Cisco Networking Academy Program.
|
| 246 |
3 |
0 |
|a Fundamentals of wireless LANS companion guide
|
| 260 |
|
|
|a Indianapolis, Ind. :
|b Cisco Press,
|c c2004.
|
| 300 |
|
|
|a xxviii, 848 p. :
|b ill. ;
|c 24 cm.
|
| 490 |
0 |
|
|a Cisco Networking Academy Program series
|
| 504 |
|
|
|a Includes index.
|
| 541 |
1 |
|
|e 00019986
|
| 650 |
|
0 |
|a Wireless LANs
|x Examinations
|v Study guides.
|
| 650 |
|
0 |
|a Telecommunications engineers
|x Certification
|v Study guides.
|
| 710 |
2 |
|
|a Cisco Systems, Inc.
|
| 710 |
2 |
|
|a Cisco Networking Academy Program.
|
| 852 |
4 |
|
|a Ayesha Abed Library
|j General Shelf
|
| 999 |
|
|
|c 7825
|d 7825
|
| 952 |
|
|
|0 0
|1 0
|2 ddc
|4 0
|6 004_600000000000000_CIS_2004
|7 0
|9 8728
|a BRACUL
|b BRACUL
|c GEN
|d 2010-03-22
|l 3
|m 35
|o 004.6 CIS
|p 3010019986
|r 2026-04-20
|s 2026-02-23
|t 1
|w 2010-03-22
|y BK
|